000 00624nam a2200205Ia 4500
003 GCL
008 140319s9999 xx 000 0 ara d
040 _aGCL /
_cGCL
082 0 4 _a791.43
_bو خ
100 1 _aحليم طوسون
245 1 0 _aخفايا نظام النجم الامريكى /
_cحليم طوسون
700 1 _aوارن, بول
300 _a174
490 _aالالف كتاب الثانى
_v0
650 0 4 _aالولايات المتحدة الامريكية
650 0 4 _aالسينما
650 0 4 _aالممثلون والممثلات
650 0 4 _aالسينمائيون
942 _2ddc
_cBK
999 _c44067
_d44067